| 000 | 00978cam a2200277 4500 | ||
|---|---|---|---|
| 001 | J3864 | ||
| 008 | 090401t1996 xxu||||| |||| 00| 0 eng d | ||
| 035 | _a(Sirsi) u57168 | ||
| 041 | _aeng | ||
| 050 | _a692.8 | ||
| 090 | _aJCT 1996/6A | ||
| 110 |
_aJoint Contracts Tribunal _93664 |
||
| 245 | _aStandard Form of Prime Cost Contract 1992 edition ... Amendment 4 and guidance note issued July 1996: insurance and indemnity provisions effect of final certificate - existing arbitration. | ||
| 260 |
_aLondon _bRIBA Publications _c1996 |
||
| 300 | _a8p. ; 30cm. | ||
| 350 | _a1 | ||
| 650 | _aAMENDMENT 4 | ||
| 650 | _aBUILT ENVIRONMENT-BUILDING CONTRACT FORMS | ||
| 650 | _aFINAL CERTIFICATE | ||
| 650 | _aINSURANCE PROVSIONS | ||
| 650 | _aJCT STANDARD FORM OF PRIME COST CONTRACT 1992 | ||
| 650 | _aBUILT ENVIRONMENT-BUILDING CONTRACT FORMS-PRIME COST CONTRACT FORMS | ||
| 690 | _aBUILT ENVIRONMENT-BUILDING CONTRACT FORMS | ||
| 942 | _n0 | ||
| 948 | _c04/03/1997 | ||
| 999 |
_c93903 _d93903 |
||